000 00634nam a2200217Ia 4500
003 OSt
005 20260203150839.0
008 210210b1965 xxu||||| |||| 00| 0 eng d
040 _cAL
041 _aKannada
082 _a852/528
100 _aVIVIDA LEKHAKARU
_dವಿವಿಧ ಲೇಖಕರು
_9253648
245 _aMahatma kanakadasa prashasti
_b ಮಹಾತ್ಮಾ ಕನಕದಾಶ ಪ್ರಶಸ್ತಿ
260 _aBengaLuru
_b-
_c1965
650 _aprashasti
_9253649
650 _aMahAtma
_9253650
650 _akanakadAsa
_9253651
690 _aKannada Prose
_9253652
906 _a019094
942 _2ddc
_cBK
999 _c143193
_d143193